000
00310nam a2200133Ia 4500
008
240112s1969 JAN-JUNE xx 000 0 und d
041
_a
eng
082
_a
617.05
100
_a
MARTIN L.W.
245
_a
ARCHIVES OF SURGERY
260
_b
A.M.A
_c
1969 JAN-JUNE
300
_a
826,HB
_c
1
440
_v
98
999
_c
1141687
_d
1141687